000 00537nam a2200217Ia 4500
008 101110s9999 xx 000 0 und d
041 _aENGLISH
082 _bSR29394
100 _aBurton, Richard F.
245 _aTales from 1001 Arabian nights
260 _c2007
_bJaico pub. House,Mumbai
300 _a871
365 _b250
520 _aEnglish
546 _aENGLISH
630 _aTales from 1001 Arabian nights
650 _aEnglish
655 _aEnglish
730 _aTales from 1001 Arabian nights
942 _cBOOK
999 _c821905
_d821902